| 000 | 00463nam a22001697a 4500 | ||
|---|---|---|---|
| 005 | 20231205231031.0 | ||
| 008 | 231205b |||||||| |||| 00| 0 eng d | ||
| 020 | _a8185604045 | ||
| 082 |
_222 _a305.5. _bANJ. |
||
| 100 | _aBagwe Anjali. | ||
| 245 |
_aOf women caste / _bThe Experience of Gender in Rural India. _cAnjali Bagwe. |
||
| 250 | _a1st. | ||
| 260 |
_aCalcutta, _bMandira Sen for STREE, _c1995. |
||
| 300 | _axi, 245 p. | ||
| 650 | _asex role. | ||
| 942 | _cL | ||
| 999 |
_c155 _d155 |
||